00723nam a2200157Ia 4500008004100000020002200041050001900063100003000082245007000112260002300182300001000205500006000215505022400275650005600499700001000555121028s9999 xx 000 0 und d a978-607-17-0183-1 aLC191 D53 2009 aDÍAZ de Cossío, Roger aLa educación mexicana y sus barreras / Roger Díaz de Cossío aMéxico : Trillas a288 p aBibliografia . 269 p Indice onomastico Indice analitico aCap 1. El sistema educativo mexicano Cap 2. Las barreras historicas Cap 3. Las barrreras culturales Cap 4. Barreras politicas Cap 5. Barreras economicoculturales Cap 6. Temas transversales Cap 7. Desafios Cap 8. Utopias a1.Educación-Filosofía. \ 2.Educación-México at.Ì